Shikshadanar paddhati aru kaushal (Major10)/ (Record no. 12249)

MARC details
000 -LEADER
fixed length control field 00714nam a22002417a 4500
005 - DATE AND TIME OF LATEST TRANSACTION
control field 20250909115343.0
008 - FIXED-LENGTH DATA ELEMENTS--GENERAL INFORMATION
fixed length control field 250909b |||||||| |||| 00| 0 eng d
020 ## - INTERNATIONAL STANDARD BOOK NUMBER
International Standard Book Number 9789358495867
040 ## - CATALOGING SOURCE
Original cataloging agency IN-DiNC
Transcribing agency IN-DiNC
041 ## - LANGUAGE CODE
Language code of sung or spoken text Assamese
082 ## - DEWEY DECIMAL CLASSIFICATION NUMBER
Classification number 371.3
Item number SHI
245 ## - TITLE STATEMENT
Title Shikshadanar paddhati aru kaushal (Major10)/
Statement of responsibility, etc. by Nabanita Deka and others
250 ## - EDITION STATEMENT
Edition statement 1st ed.
260 ## - PUBLICATION, DISTRIBUTION, ETC.
Place of publication, distribution, etc. Dibrugarh:
Name of publisher, distributor, etc. Banalata,
Date of publication, distribution, etc. 2025.
300 ## - PHYSICAL DESCRIPTION
Extent 357p.
650 ## - SUBJECT ADDED ENTRY--TOPICAL TERM
Topical term or geographic name entry element Methods and techniques of teaching (Major10)
700 ## - ADDED ENTRY--PERSONAL NAME
Personal name Deka, Nabanita
Relator term Author
700 ## - ADDED ENTRY--PERSONAL NAME
Personal name Tamuly, Purnima
Relator term Author
700 ## - ADDED ENTRY--PERSONAL NAME
Personal name Talukdar, Gieetika
Relator term Author
700 ## - ADDED ENTRY--PERSONAL NAME
Personal name Patgiri, Chandan
Relator term Author
700 ## - ADDED ENTRY--PERSONAL NAME
Personal name Baruah, Jiban
Relator term Author
942 ## - ADDED ENTRY ELEMENTS (KOHA)
Source of classification or shelving scheme Dewey Decimal Classification
Koha item type Books
Holdings
Withdrawn status Lost status Source of classification or shelving scheme Damaged status Not for loan Collection code Home library Current library Shelving location Date acquired Cost, normal purchase price Total Checkouts Full call number Barcode Date last seen Date last checked out Copy number Price effective from Koha item type
    Dewey Decimal Classification     Education Naharkatiya College Library Naharkatiya College Library General Stacks 09/09/2025 330.00 4 371.3 SHI 31130 22/04/2026 07/04/2026 1 09/09/2025 Books
    Dewey Decimal Classification     Education Naharkatiya College Library Naharkatiya College Library General Stacks 09/09/2025 330.00 2 371.3 SHI 31131 25/11/2025 18/11/2025 2 09/09/2025 Books
    Dewey Decimal Classification     Education Naharkatiya College Library Naharkatiya College Library General Stacks 09/09/2025 330.00 3 371.3 SHI 31132 25/11/2025 18/11/2025 3 09/09/2025 Books

Naharkatiya College © 2020. All rights reserved.

Powered By